| 000 | 00598nam a2200193 a 4500 | ||
|---|---|---|---|
| 005 | 20240830063726.0 | ||
| 008 | 991125s1975 mx 000 0 spa u | ||
| 035 | _aUPN01000036015 | ||
| 049 | _aCG | ||
| 050 | 4 |
_aLB1777 _bR4.48 |
|
| 100 | 1 | _aRenner, John W. | |
| 245 | 1 | 3 |
_aEl maestro subversivo / _cJohn W. Renner, Robert F. Bibens, Gene D. Shepherd ; tr. Ma. Elena Carbajal. |
| 260 |
_aMéxico : _bPax-México, _c1975. |
||
| 300 |
_a330 p. : _bil. |
||
| 650 | 7 |
_aEducación secundaria _2 _94281 |
|
| 700 | 1 |
_aShepherd, Gene D., _ecoaut. |
|
| 700 | 1 |
_aBibens, Robert F., _ecoaut. |
|
| 905 | _aLibro | ||
| 999 |
_c36015 _d36015 |
||